| 000 | 00626nam a2200217 a 4500 | ||
|---|---|---|---|
| 001 | BRCA_5799 | ||
| 005 | 20190320205222.0 | ||
| 008 | 100311t1953----mx-#######---#100-0#spa-# | ||
| 041 | _aspa | ||
| 044 | _amx | ||
| 050 | 4 |
_aHJ2460 _b.M36 _c1953 |
|
| 100 | 1 |
_aMancera Ortiz, Rafael. _914698 |
|
| 245 | 1 | 0 |
_aActitud de México ante los programas de Desarrollo. _cCongreso Internacional de Ciencias Administrativas. |
| 260 |
_aMéxico _c1953 |
||
| 300 |
_a2v. _c28 cm. |
||
| 500 | _aTiene dedicatoria del autor al Sr. Franz Mayer. | ||
| 500 | _aH87 | ||
| 650 | 1 | 4 |
_aEconomía _zMéxico _914699 |
| 902 | _aGFM | ||
| 942 |
_2lcc _cB |
||
| 999 |
_c5488 _d5488 |
||